Тест на общие знания №44 - Statistics

General Stats
  • This quiz has been taken 36 times
  • The average score is 8 of 20
Answer Stats
Вопрос Ответ % Correct
Какое вещество называют "чёрным золотом"? нефть
89%
Какая часть речи отвечает на слова "как", "почему", "каким образом"? наречие
89%
Какая шахматная фигура на исходной позиции находится между слоном и ладьёй? конь
75%
Что не принято рубить, если сидишь на этом? сук
71%
У домбры их две, у сямисэна - три, у мандолины - восемь. Что это? струны
64%
Сколько участников в нонете? 9
57%
Что в доме состоит на 20-30% из отмершей кожи? пыль
54%
В какой стране говорят на кхмерском языке? Камбоджа
43%
Какой литературный персонаж объявил войну ветряным мельницам? Дон Кихот
39%
Какая фамилия давалась незаконнорождённым детям Севера в сериале "Игра Престолов"? Сноу
29%
По мотивам какой песни "The Beatles" компания "LEGO" создала официальный набор? "Yellow Submarine"
29%
Какая страна граничит с тремя странами площадью меньше 3000 км²? Франция
21%
Какой вид спорта в Олимпийских играх не имеет гендерного разделения, а мужчины и женщины соревнуются в нём на равных? конный спорт
18%
Какое животное является символом Шотландии? единорог
18%
Из какого растения добывают каучук для производства резины? гевея бразильская
18%
Над каким городом парят герои картины "Над городом" Марка Шагала? Витебск
18%
Какая старорусская мера длины определяется от кончиков пальцев вытянутой руки до пальцев противоположной ей ноги? косая сажень
14%
Какие два побочных продукта образуются в результате реакции карбоната кальция и серной кислоты? вода и углекислый газ
14%
Какое растение также известно как "кормовая репа"? турнепс
11%
У какого супергероя есть прозвище "лысый плащ"? Сайтама (Ванпанчмен)
11%
No matching quizzes found
Score Distribution
Percent of People with Each Score
Percentile by Number Answered
Your Score History
You have not taken this quiz